000 00526nam a22001577a 4500
999 _c534538
_d534538
020 _qHard Cover.
082 _a620.44
100 _aNauman Ehsan Hashmi.
245 _aMulti-Disciplinary Design and Analysis of Blended Wing Body Aircraft /
_cNauman Ehsan Hashmi
260 _aIslamabad :
_bSCME - NUST,
_c2014.
300 _c30cm.
942 _2ddc
_cTHE
650 _aMaterialsand Surface Engineering MS-Thesis.
_928733
700 _aProf. Dr. Muhammad Shahdi.
_928734